00377nam a2200145Ia 4500008004100000020001800041041000800059082001500067100001800082245007000100260001900170300000800189365001600197700001800213230718s9999 xx 000 0 und d a9788121924986 aeng a372.4bAGG aAggarwal R.S. aQuantitative AptitudebFor Competitive Examination (Fully Solved) c2014bS. Chand a726 cRs.b635.00 aAggarwal R.S.